Critical history of English literature : (Record no. 8622)

MARC details
000 -LEADER
fixed length control field 00569cam a2200205ua 4500
001 - CONTROL NUMBER
control field 9600
005 - DATE AND TIME OF LATEST TRANSACTION
control field 20260515114508.0
008 - FIXED-LENGTH DATA ELEMENTS--GENERAL INFORMATION
fixed length control field 160302n ii |||gr||||Z||||||eng
020 ## - INTERNATIONAL STANDARD BOOK NUMBER
International Standard Book Number 9788189930431
040 ## - CATALOGING SOURCE
Transcribing agency MAIN
041 ## - LANGUAGE CODE
Language code of text/sound track or separate title eng
082 ## - DEWEY DECIMAL CLASSIFICATION NUMBER
Classification number 820
100 ## - MAIN ENTRY--PERSONAL NAME
Personal name Daiches, David,
Relator term Author.
245 10 - TITLE STATEMENT
Title Critical history of English literature :
Remainder of title from the beginnings to Milton /
Statement of responsibility, etc. by David Daiches .
250 ## - EDITION STATEMENT
Edition statement 1st Ind ed. /
Remainder of edition statement V 1.
260 ## - PUBLICATION, DISTRIBUTION, ETC.
Place of publication, distribution, etc. New Delhi:
Name of publisher, distributor, etc. Supernova,
Date of publication, distribution, etc. 2014.
300 ## - PHYSICAL DESCRIPTION
Extent 534p.
653 ## - INDEX TERM--UNCONTROLLED
Uncontrolled term English & Old English literatures
942 ## - ADDED ENTRY ELEMENTS (KOHA)
Koha item type Books
Holdings
Withdrawn status Lost status Damaged status Not for loan Home library Current library Shelving location Date acquired Total checkouts Full call number Barcode Date last seen Copy number Price effective from Koha item type
        Naharkatiya College Library Naharkatiya College Library General stacks 09/19/2020   820 | DAI 23066 09/19/2020 1 09/19/2020 Books